Estadísticas para Pueblos Mágicos de México

Haz click aquí para intentar la prueba.

Estadísticas generales

  • Esta prueba ha sido intentada 22 veces
  • La puntuación promedio es 25 de 132

Estadísticas de respuestas

Respuesta% Correcto
Cholula
72%
Taxco
67%
Teúl
67%
San Cristobal de las Casas
56%
Tequila
56%
Bernal
50%
Tulum
50%
Atlixco
44%
Orizaba
44%
Pátzcuaro
44%
Tecate
44%
Tepoztlán
44%
Xico
44%
Bacalar
39%
Comala
39%
Huamantla
39%
Valle de Bravo
39%
Zacatlán de las Manzanas
39%
Creel
33%
Isla Mujeres
33%
Real de Catorce
33%
Real del Monte
33%
Tequisquiapan
33%
Calvillo
28%
Chiapa de Corzo
28%
Chignahuapan
28%
Cuetzalan
28%
Huasca de Ocampo
28%
Huauchinango
28%
Lagos de Moreno
28%
San Juan Teotihuacán
28%
Sombrerete
28%
Tetela de Ocampo
28%
Tlatlauquitepec
28%
Tlaxco
28%
Tula
28%
Xilitla
28%
Ajijic
22%
Coatepec
22%
El Oro
22%
Guadalupe
22%
Jerez
22%
Loreto
22%
Palenque
22%
Palizada
22%
Tapalpa
22%
Tlaquepaque
22%
Valladolid
22%
Xicotepec
22%
Aculco
17%
Angangueo
17%
Candela
17%
Casas Grandes
17%
Cuatro Ciénegas
17%
Dolores Hidalgo
17%
Huautla de Jimenez
17%
Isla Aguada
17%
Ixtapan de la Sal
17%
Jalpa de Cánovas
17%
Linares
17%
Malinalco
17%
Maní
17%
Mascota
17%
Metepec
17%
Nochistlán
17%
Nombre de Dios
17%
Pahuatlán
17%
Papantla
17%
Pinos
17%
Real de Asientos
17%
Santiago
17%
Sisal
17%
Tzintzuntzan
17%
Aquismón
11%
Arteaga
11%
Batopilas
11%
Bustamante
11%
Cadereyta
11%
Comitán de Dominguez
11%
El Fuerte
11%
El Rosario
11%
Guerrero
11%
Izamal
11%
Jala
11%
Magdalena de Kino
11%
Mapimí
11%
Mazamitla
11%
Mexcaltitán
11%
Mier
11%
Mineral de Chico
11%
Mineral de Pozos
11%
Mocorito
11%
San Joaquín
11%
San José de Gracia
11%
San Sebastián del Oeste
11%
Santa Clara del Cobre
11%
Sayulita
11%
Tapijulapa
11%
Tepotzotlán
11%
Tlayacapan
11%
Villa del Carbón
11%
Álamos
6%
Amealco
6%
Capulálpam de Mendez
6%
Comonfort
6%
Compostela
6%
Coscomatepec
6%
Cuitzeo
6%
Huichapan
6%
Jalpan de Serra
6%
Mazunte
6%
Melchor Múzquiz
6%
Paracho
6%
Parras
6%
Salvatierra
6%
San Pablo Villa de Mitla
6%
Tecozautla
6%
Teposcolula
6%
Todos Santos
6%
Viesca
6%
Yuriria
6%
Zimapán
6%
Zozocolco
6%
Cosalá
0%
Jiquilpan
0%
Juquila
0%
Santa María del Río
0%
Tacámbaro
0%
Talpa de Allende
0%
Tlalpujahua
0%
Tonatico
0%
Zempoala
0%

Distribución de puntuación

Porcentaje por número respondido

Porcentaje de gente con cada puntuación

Historial de tus puntuaciones

No has intentado esta prueba.